Normal view
MARC view
Entry Personal Name
001 - CONTROL NUMBER
- control field: 27434
003 - CONTROL NUMBER IDENTIFIER
- control field: OSt
005 - DATE AND TIME OF LATEST TRANSACTION
- control field: 20260608101522.0
008 - FIXED-LENGTH DATA ELEMENTS
- fixed length control field: 260608|| aca||aabn | a|a d
040 ## - CATALOGING SOURCE
- Original cataloging agency: OSt
- Transcribing agency: OSt
100 ## - HEADING--PERSONAL NAME
- Personal name: Marilyn Crandall Jones
670 ## - SOURCE DATA FOUND
- Source citation: Work cat.: (OSt)23432: Jones Kenneth Lyons 27432, Smith's Recognizable Patterns Of Human Malformation, 2013
